Ligue 2 2022/2023 - Statistiques

Statistiques générales
  • Ce quiz a été pris 50 fois
  • Le résultat moyen est 12 sur 20
Statistiques - réponses
Réponse % Correct
Le Havre AC
89%
SC Bastia
70%
AS Saint-Etienne
68%
Dijon FCO
68%
FC Girondins de Bordeaux
68%
Rodez Aveyron Football
68%
Stade Malherbe Caen
66%
FC Annecy
64%
Paris FC
64%
Quevilly Rouen
64%
Amiens SC
61%
Nîmes Olympique
61%
En Avant Guingamp
59%
FC Metz
59%
Valenciennes FC
57%
Grenoble Foot 38
55%
Pau FC
52%
FC Sochaux-Montbéliard
45%
Chamois Niortais
39%
Stade Lavallois
34%
Aucun quiz correspondant
Distribution des résultats
% des personnes avec chaque résultat
Percentile par nombre de réponses
Votre historique - résultats
Vous n’avez pas pris ce quiz